Educational patterns in contemporary societies / (Record no. 6641)

MARC details
000 -LEADER
fixed length control field 00605nam a22002057a 4500
003 - CONTROL NUMBER IDENTIFIER
control field OSt
005 - DATE AND TIME OF LATEST TRANSACTION
control field 20200217100630.0
008 - FIXED-LENGTH DATA ELEMENTS--GENERAL INFORMATION
fixed length control field 200217b ||||| |||| 00| 0 eng d
020 ## - INTERNATIONAL STANDARD BOOK NUMBER
International Standard Book Number 64556
040 ## - CATALOGING SOURCE
Transcribing agency 040
082 ## - DEWEY DECIMAL CLASSIFICATION NUMBER
Classification number 370.9
Item number THU 1964
100 ## - MAIN ENTRY--PERSONAL NAME
Personal name Thut, I N
9 (RLIN) 13664
245 ## - TITLE STATEMENT
Title Educational patterns in contemporary societies /
Statement of responsibility, etc. I.N Thut, Don Adams
260 ## - PUBLICATION, DISTRIBUTION, ETC. (IMPRINT)
Place of publication, distribution, etc. New York
Name of publisher, distributor, etc. Mc-Graw Hill book company
Date of publication, distribution, etc. 1964
300 ## - PHYSICAL DESCRIPTION
Extent xii, 494p;
Other physical details ill :
Dimensions 20 cm
504 ## - BIBLIOGRAPHY, ETC. NOTE
Bibliography, etc Includes bibliographical references and index
650 ## - SUBJECT ADDED ENTRY--TOPICAL TERM
Source of heading or term Educational patterns
700 ## - ADDED ENTRY--PERSONAL NAME
Personal name Adams, Don
9 (RLIN) 13665
942 ## - ADDED ENTRY ELEMENTS (KOHA)
Source of classification or shelving scheme Dewey Decimal Classification
Koha item type Open Shelf
Holdings
Withdrawn status Lost status Source of classification or shelving scheme Damaged status Not for loan Home library Current library Date acquired Source of acquisition Inventory number Total Checkouts Full call number Barcode Date last seen Price effective from Koha item type
    Dewey Decimal Classification     MUST Main Library MUST Main Library 17/02/2020 Donation 2000/14222   370.9 THU 1964 2020-0498 17/02/2020 17/02/2020 Open Shelf